000 00712nam a22001935i 4500
001 164769
003 ES-MaACL
005 20250814015829.0
008 050805s1900 sp | |||||||| ||spa d
080 _a58
100 1 _aSanz Agud, Serafín.
_9132459
245 1 0 _aDiscurso leído en la Universidad Literaria de Sevilla en la... inauguración del curso académico de 1900 á 1901 /
_cpor Serafín Sanz y Agud.
260 _aSevilla :
_b[s.n.],
_c1900 (
_fFernando de Santiago)
300 _a51 p. ;
_c31 cm.
650 7 _aBotánica
_2embne
_910610
710 2 _aUniversidad Literaria de Sevilla.
_97391
852 4 _aES-MaACL
_jT-1022-F-1
_z- Enc. hol., conservando cub. original
999 _c164769
_d164769